000
00328nam a22001457a 4500
008
240129b ||||| |||| 00| 0 eng d
020
_a
00318103
041
_a
eng
080
_2
1986 VOLUME XCV
_a
101
082
_a
101BUR
100
_a
44
101
_a
FILOZOFI
245
_a
THE PHILOSOPHICAL
_c
TYLER BURGE
942
_2
udc
_c
BK
999
_c
60565
_d
60565